Black Clover Characters - Statistics

General Stats
  • This quiz has been taken 464 times
  • The average score is 20 of 62
Answer Stats
Hint Answer % Correct
Main CharacterMember of the Black Bulls Anti-Magic Asta
100%
Member of the Black BullsMember of the Royal Family Silva Water Magic Noelle Silva
78%
Member of the Golden DawnOriginating from the Spade Kingdom Wind Magic Star Magic Adoptive Brother of the Main Character Yuno Grinberryall
74%
Member of the Black BullsLightning Magic Luck Voltia
70%
Member of the Black BullsFire Magic Magna Swing
69%
Member of the Black BullsOriginating from The Witch's Forest Thread Magic Vanessa Enoteca
64%
Member of the Black BullsCotton Magic Food Magic Charmy Papittson
61%
Member of the Black BullsSpatial Magic Finral Roulacase
60%
Captain of the Black BullsOriginating from The Land of the Sun Former member of the Grey Deer Yami Sukehiro
55%
28th Wizard King of the Clover KingdomFormer member of the Grey Deer Time Magic Julius Novachrono
51%
Captain of the Green Mantis Jack The Ripper
50%
Captain of the Golden DawnFormer member of the Grey Deer World Tree Magic William Vangeance
50%
Member of the Black BullsMirror Magic Gauche Adlai
48%
Demon of the formerAnti-Magic Liebe
48%
Member of the Golden DawnMember of the Vermillion Royal Family Plant Magic Mimosa Vermillion
48%
Member of the Black BullsSealing Magic Secre Swallowtail
48%
Captain of the Crimson LionMember of the Vermillion Royal Family Fuegoleon Vermillion
46%
Leader of the ElvesApostle of Sephirah Sword Magic Licht
44%
Vice Captain of the Black BullsShadow Magic Nacht Faust
44%
Captain of the Silver EaglesMember of the Silva Royal Family Mercury Magic Nozel Silva
44%
Member of the Black BullsAsh Magic Zora Ideale
42%
Captain of the Blue RoseBriar Magic Charlotte Roselei
41%
Wind Sprit Sylph
40%
Captain of the Crimson LionCaptain of the Royal Knights Member of the Vermillion Royal Family Sister of the former Mereoleona Vermillion
39%
Fire Spirit Salamander
36%
Member of the Blue RoseEarth Magic Sol Marron
36%
Member of the Crimson LionMember of the Vermillion Royal Family Leopold Vermillion
35%
Vice Captain of the Golden DawnSpatial Magic Langris Vaude
34%
Captain of the Aqua DeerPicture Magic Rill Boismortier
34%
Member of the Golden DawnSteel Magic Klaus Lunettes
32%
Captain of the Coral PeacockOriginating from the witch's forest Dream Magic Dorothy Unsworth
31%
Member of the Green Mantis Sekke Bronzazza
31%
Member of the Silver Eagles Member of the Silva Royal Family Water Magic Solid Silva
28%
Leader of the Dark TriadPseudo King of the Spade Kingdom Gravity Magic Brother of the 2 latter Dante Zogratis
26%
Member of the Silver EaglesMember of the Silva Royal Family Water Magic Nebra Silva
26%
Former member of the Silver EaglesMother of the 3 former Paladin Mercury Magic Acier Silva
25%
Elf Apostle of Sephirah Member of the Eye of the Midnight Sun Fire Magic Fana
25%
Elf Apostle of SephirahLeader of the Eye of the Midnight Sun Light Magic Patolli
23%
Nun of the orphanagePaladin Water and Space Magic Lily Aquaria
21%
Elf Apostle of Sephirah Member of the Eye of the Midnight Sun Beast Magic Vetto
21%
1st Wizard King of the Clover KingdomLight Magic Lemiel Silvamillion Clover
19%
Advisor of the formerFormer member of the Grey Deer Marx François
19%
Member of the Dark TriadBone Magic Space Magic Brother of the 3 former Zenon Zogratis
19%
DemonHost is the leader of the Dark Triad Gravity Magic Lucifero
18%
Member of the Dark TriadBlood Magic Talisman Magic Sister of the former and the latter Vanica Zogratis
18%
Captain of the Purple Orca Kaiser Granvorka
17%
DemonBrother of the 3 latter Soul, Bone, Blood, Time & Gravity Magic Lucius Zogratis
17%
DemonHost is a member of the Dark Triad Talisman Magic Megicula
15%
Water Spirit Undine
15%
Elf Apostle of SephirahMember of the Eye of the Midnight Sun Imitation Magic Rhya
14%
Princess of the Heart KingdomWater Magic Demonic Water Magic Lolopechka
9%
Member of the Eye of the Midnight SunFormer member of the Purple Orca Necromancy Magic Rades Spirito
8%
Member of the Ryuzen SevenSister of the Captain of the Black Bulls
Dark Yojutsu (Magic)
Yami Ichika
7%
DemonHost is a member of the Dark Triad Space Magic Beelzebub
6%
Spirit Guardian of the Heart KingdomLightning Magic Gadjah
5%
Shogun of the Land of the Sun Ryudo Ryuya
3%
Member of the Ryuzen Seven Wind Yojutsu (Magic) Hanegatsuji Jozo
2%
Member of the Ryuzen Seven Lightning Yojutsu (Magic) Imari Komari
2%
Member of the Ryuzen Seven Snow Yojutsu (Magic) Kezokaku Ginnojomorifuyu
2%
Member of the Ryuzen Seven Iron Yojutsu (Magic) Mushogatake Yosuga
2%
Member of the Ryuzen Seven Earth Yojutsu (Magic) Ooka Daizaemon
2%
Member of the Ryuzen Seven Sound Yojutsu (Magic) Tenmayashiki Fujio
2%
No matching quizzes found
Score Distribution
Percent of People with Each Score
Percentile by Number Answered
Your Score History
You have not taken this quiz